NF running lyrics - Statistiques

Statistiques générales
  • Ce quiz a été pris 14 fois
  • Le résultat moyen est 230 sur 411
Statistiques - réponses
Réponse % Correct
can
100%
I
100%
running
100%
you
100%
You
100%
a
67%
all
67%
and
67%
And
67%
be
67%
Been
67%
but
67%
didn't
67%
done
67%
down
67%
drown
67%
for
67%
from
67%
From
67%
Go
67%
go
67%
goodbye
67%
have
67%
here
67%
I'd
67%
if
67%
I'm
67%
in
67%
In
67%
know
67%
let
67%
Let
67%
life
67%
Life
67%
long
67%
longer
67%
make
67%
me
67%
My
67%
my
67%
no
67%
Of
67%
of
67%
on
67%
Said
67%
say
67%
Scared
67%
shadow
67%
Spent
67%
spent
67%
this
67%
tired
67%
to
67%
try
67%
well
67%
what
67%
What
67%
who
67%
whole
67%
wish
67%
again
33%
ain't
33%
allow
33%
already
33%
am
33%
another
33%
aside
33%
attempt
33%
back
33%
believe
33%
best
33%
better
33%
both
33%
can't
33%
choice
33%
coming
33%
continue
33%
convince
33%
cry
33%
darkness
33%
day
33%
death
33%
deceive
33%
deserve
33%
don't
33%
Don't
33%
enough
33%
every
33%
faith
33%
fool
33%
given
33%
giving
33%
gonna
33%
goodbyes
33%
got
33%
happiness
33%
hate
33%
Hate
33%
haven't
33%
holding
33%
Holding
33%
hopeful
33%
horizon
33%
interested
33%
issue
33%
it
33%
it's
33%
I've
33%
just
33%
keep
33%
learn
33%
leave
33%
left
33%
light
33%
little
33%
lose
33%
love
33%
loved
33%
making
33%
mean
33%
miss
33%
more
33%
much
33%
myself
33%
need
33%
not
33%
our
33%
pride
33%
problem
33%
pulling
33%
ready
33%
Real
33%
rest
33%
rob
33%
root
33%
sabotage
33%
sacrificed
33%
see
33%
seeing
33%
shoes
33%
spend
33%
stand
33%
steal
33%
sun
33%
tell
33%
that
33%
that's
33%
the
33%
There's
33%
think
33%
time
33%
too
33%
truth
33%
two
33%
up
33%
us
33%
wait
33%
waited
33%
wanna
33%
watch
33%
when
33%
without
33%
ya
33%
yeah
33%
Yeah
33%
your
33%
you're
33%
face
0%
fail
0%
Hesitated
0%
less
0%
like
0%
Rubbing
0%
than
0%
treating
0%
Aucun quiz correspondant
Distribution des résultats
% des personnes avec chaque résultat
Percentile par nombre de réponses
Votre historique - résultats
Vous n’avez pas pris ce quiz